000 00971nam a2200181Ia 4500
008 151202s9999||||xx |||||||||||||| ||und||
082 _bPNVM-73230
100 _aखाडिलकर मंगला.
245 _aसुमनसुगंध- सुप्रसिद्ध गायिका सुमन कल्याणपुर यांचे चरित्र.
260 _b"नवचैतन्य प्रकाशन,बोरोवली."
260 _c73230
300 _a258
600 _aखाडिलकर मंगला.
630 _aसुमनसुगंध- सुप्रसिद्ध गायिका सुमन कल्याणपुर यांचे चरित्र.
700 _aखाडिलकर मंगला.
730 _aसुमनसुगंध- सुप्रसिद्ध गायिका सुमन कल्याणपुर यांचे चरित्र.
942 _cBOOK
999 _c1339895
_d1339892